Tempestades de acero : seguido de El bosquecillo 125 y El estallido de la guerra de 1914 /
Guardado en:
| Autor Principal: | |
|---|---|
| Otros Autores: | |
| Formato: | Libro |
| Idioma: | Undetermined |
| Publicado: |
Barcelona :
Tusquets,
1987.
|
| Series: | Andanzas ;
53 |
| Materias: | |
| Etiquetas: |
Agregar Etiqueta
Sin Etiquetas, Sea el primero en etiquetar este registro!
|
| LEADER | 00774nam a22002295a 4500 | ||
|---|---|---|---|
| 001 | CEM.cems020209 | ||
| 008 | 230621s1987####sp############000#0#und#d | ||
| 005 | 20230621115808.0 | ||
| 245 | 1 | 0 | |a Tempestades de acero : |b seguido de El bosquecillo 125 y El estallido de la guerra de 1914 / |c Ernst Jünger ; traducido por Andrés Sánchez Pascual. |
| 260 | |a Barcelona : |b Tusquets, |c 1987. | ||
| 300 | |a 448 p. | ||
| 490 | 1 | |a Andanzas ; |v 53 | |
| 020 | |a 8472232530 | ||
| 100 | 1 | |a Jünger, Ernst. | |
| 700 | 1 | |a Sánchez Pascual, Andrés; trad. | |
| 653 | |a Literatura | ||
| 653 | |a Literatura Alemana | ||
| 653 | |a Ensayo | ||
| 653 | |a Historia | ||
| 653 | |a Historia Mundial | ||
| 653 | |a Historia Primera Guerra Mundial | ||
| 859 | |a CEMS |b BIB. CEMS - 11 de abril |h 833.9 |i J569 |p 29495.23 |t Ej.1 | ||
